MARC

LEADER 00000nam0a2200000 4500
001 369116
005 20231102012142.0
035 |a (RuTPU)RU\TPU\retro\26498 
090 |a 369116 
100 |a 20220506d1980 m y0rusy50 ca 
101 0 |a rus 
102 |a RU 
105 |a y j 001zy 
200 1 |a Нормирование и определение метрологических характеристик средств измерений  |f М. А. Земельман, В. П. Кузнецов, Г. Н. Солопченко  |g Центральное правление научно-технического общества приборостроительной промышленности им. С. И. Вавилова ; Заочный институт повышения квалификации ИТР 
210 |a Москва  |c Машиностроение  |d 1980 
215 |a 68 с. 
225 1 |a Курсы повышения квалификации ИТР 
320 |a Библиогр.: с. 68 
606 1 |a Контрольно-измерительная техника  |2 stltpush  |3 (RuTPU)RU\TPU\subj\15518  |9 41753 
610 1 |a средства измерений 
610 1 |a метрологические погрешности 
610 1 |a инструментальные погрешности 
610 1 |a динамические характеристики 
610 1 |a точность 
610 1 |a контроль 
610 1 |a учебные пособия 
675 |a 681.2.08(075.8)  |v 4 
700 1 |a Земельман  |b М. А.  |g Марк Абрамович 
701 1 |a Кузнецов  |b В. П.  |g Владимир Павлович 
701 1 |a Солопченко  |b Г. Н.  |g Геннадий Николаевич 
712 0 2 |a Центральное правление научно-технического общества приборостроительной промышленности им. С. И. Вавилова  |2 stltpush  |3 (RuTPU)RU\TPU\col\13488  |9 25691 
712 0 2 |a Заочный институт повышения квалификации ИТР  |2 stltpush  |3 (RuTPU)RU\TPU\col\13573  |9 25712 
801 1 |a RU  |b 63413507  |c 20220429 
801 2 |a RU  |b 63413507  |c 20220506  |g RCR 
942 |c BK